Statistics for Updated Top 5 Cities in Michigan by Population

Click here to take the quiz!

General Stats

  • This quiz has been taken 16 times
  • The average score is 4 of 5

Answer Stats

County City % Correct
WayneDetroit
100%
KentGrand Rapids
79%
WashtenawAnn Arbor
64%
MacombSterling Heights
57%
MacombWarren
50%

Score Distribution

Percentile by Number Answered

Percent of People with Each Score

Your Score History

You have not taken this quiz